[Event "Winter Classic 2017-B"]
[Site "Saint Louis"]
[Date "2017.03.11"]
[Round "1"]
[White "Baryshpolets, Andrey"]
[Black "Ali Marandi, Cemil Can"]
[Result "1/2-1/2"]
[WhiteElo "2578"]
[BlackElo "2497"]
[PlyCount "62"]
[EventDate "2017.??.??"]
[EventType "tourn"]
[EventCountry "USA"]

1. d4 d5 2. c4 c6 3. Nf3 Nf6 4. Qc2 dxc4 5. Qxc4 Bf5 6. g3 e6 7. Bg2 Be7 8. O-O
O-O 9. e3 Nbd7 10. Rd1 e5 11. Nc3 Qc7 12. h3 Rad8 13. Qe2 Ne4 14. Nd2 Nxd2 15.
Bxd2 exd4 16. exd4 Rfe8 17. d5 Bc5 18. Qf3 Bc2 19. Re1 Ne5 20. Qf4 Bd6 21. dxc6
bxc6 22. Ne4 Nd3 23. Qg4 Be5 24. Bg5 Nxe1 25. Bxd8 Qxd8 26. Rxe1 Bxb2 27. Qe2
Bxe4 28. Bxe4 Bc3 29. Bxh7+ Kf8 30. Qxe8+ Qxe8 31. Rxe8+ Kxe8 1/2-1/2

[Event "Winter Classic 2017-B"]
[Site "Saint Louis"]
[Date "2017.03.11"]
[Round "1"]
[White "Hess, Robert L"]
[Black "Rambaldi, Francesco"]
[Result "1/2-1/2"]
[WhiteElo "2571"]
[BlackElo "2559"]
[PlyCount "150"]
[EventDate "2017.??.??"]
[EventType "tourn"]
[EventCountry "USA"]

1. e4 e6 2. d4 d5 3. Nc3 Nf6 4. Bg5 dxe4 5. Nxe4 Be7 6. Nxf6+ Bxf6 7. Bxf6 Qxf6
8. Nf3 O-O 9. c3 b6 10. a4 Bb7 11. a5 Rd8 12. Be2 c5 13. O-O cxd4 14. Nxd4 bxa5
15. Qb3 Bd5 16. Qa4 e5 17. Nc2 Qb6 18. Ne3 Nc6 19. Nxd5 Rxd5 20. Bf3 Rd6 21.
Rad1 Rf6 22. Rd5 Rf4 23. b4 Rc8 24. Rd6 Rf6 25. bxa5 Qc7 26. Rxf6 gxf6 27. Qg4+
Kf8 28. Qf5 Ke7 29. a6 Nd8 30. Bg4 Ne6 31. Qxh7 Qxc3 32. h4 Qc4 33. Bxe6 Kxe6
34. h5 Qg4 35. Qd3 Qc4 36. Qh3+ f5 37. h6 Kf6 38. h7 Kg7 39. Qxf5 Qxa6 40. Re1
Rh8 41. Qxe5+ Qf6 42. Qg3+ Qg6 43. Qc3+ Kxh7 44. Qd4 Rb8 45. Qxa7 Rb1 46. Rxb1
Qxb1+ 47. Kh2 Kg8 48. Qd4 Qa2 49. Kg3 Qb3+ 50. Kh4 Qc2 51. g4 Qh7+ 52. Kg3 Qb1
53. Kf4 Qc1+ 54. Qe3 Qc6 55. Kg3 Qb5 56. f4 Qb8 57. Qe5 Qd8 58. f5 f6 59. Qe3
Qc7+ 60. Kg2 Kg7 61. Kh3 Qb7 62. Kh4 Qc7 63. Qd2 Qb7 64. Qd6 Qa7 65. Qd2 Qb7
66. Qe3 Qc7 67. Kh3 Qb7 68. Kg3 Qc7+ 69. Kh3 Qb7 70. g5 fxg5 71. Qxg5+ Kf8 72.
Qf6+ Kg8 73. Qe6+ Kf8 74. Qf6+ Kg8 75. Qe6+ Kf8 1/2-1/2

[Event "Winter Classic 2017-B"]
[Site "Saint Louis"]
[Date "2017.03.11"]
[Round "1"]
[White "Ramirez, Alejandro"]
[Black "Chandra, Akshat"]
[Result "1-0"]
[WhiteElo "2549"]
[BlackElo "2505"]
[PlyCount "83"]
[EventDate "2017.??.??"]
[EventType "tourn"]
[EventCountry "USA"]

1. e4 c5 2. Nf3 d6 3. Bb5+ Nd7 4. c3 Ngf6 5. Qe2 a6 6. Ba4 e6 7. O-O b5 8. Bc2
Bb7 9. d4 Be7 10. Nbd2 Qc7 11. Bd3 O-O 12. Re1 Rfe8 13. Nf1 cxd4 14. cxd4 e5
15. d5 Nc5 16. Ng3 Nxd3 17. Qxd3 Rac8 18. Bg5 Nd7 19. Bxe7 Rxe7 20. Nf5 Ree8
21. Qa3 Nc5 22. b4 Na4 23. Rac1 Qd7 24. Ng5 Qd8 25. Qg3 Qf6 26. Qh4 h6 27. Nf3
Qd8 28. g4 Qxh4 29. N3xh4 Rcd8 30. Rc7 Bc8 31. Rec1 Nb6 32. R1c6 Bxf5 33. Nxf5
Nc4 34. a4 Ra8 35. a5 Red8 36. f3 Nb2 37. Nxd6 Nd3 38. Rb6 Nxb4 39. Nxf7 Re8
40. d6 Kh7 41. d7 Rf8 42. g5 1-0

[Event "Winter Classic 2017-B"]
[Site "Saint Louis"]
[Date "2017.03.12"]
[Round "2"]
[White "Ali Marandi, Cemil Can"]
[Black "Finegold, Benjamin"]
[Result "1/2-1/2"]
[WhiteElo "2497"]
[BlackElo "2481"]
[PlyCount "63"]
[EventDate "2017.??.??"]
[EventType "tourn"]
[EventCountry "USA"]

1. e4 e5 2. Nf3 Nc6 3. Bb5 Nf6 4. O-O Bc5 5. Nxe5 Nxe5 6. d4 c6 7. dxe5 Nxe4 8.
Bd3 d5 9. exd6 Nf6 10. Bg5 Bxd6 11. Nc3 Be6 12. Qf3 Be7 13. Rfe1 Qa5 14. Bxf6
Bxf6 15. Ne4 Be5 16. Bc4 O-O 17. Bxe6 fxe6 18. Qb3 Qd5 19. c3 Qxb3 20. axb3 Bc7
21. g3 Bb6 22. Kg2 Rad8 23. Rad1 h6 24. f4 Kf7 25. Nd6+ Ke7 26. Nc4 Rxd1 27.
Rxd1 Bc7 28. Ne3 Bb6 29. Ng4 Bc7 30. Ne3 Bb6 31. Ng4 Bc7 32. Ne3 1/2-1/2

[Event "Winter Classic 2017-B"]
[Site "Saint Louis"]
[Date "2017.03.12"]
[Round "2"]
[White "Krush, Irina"]
[Black "Ramirez, Alejandro"]
[Result "1-0"]
[WhiteElo "2444"]
[BlackElo "2549"]
[PlyCount "57"]
[EventDate "2017.??.??"]
[EventType "tourn"]
[EventCountry "USA"]

1. c4 b6 2. d4 Bb7 3. Nc3 e6 4. a3 f5 5. d5 exd5 6. cxd5 Nf6 7. e3 Bd6 8. Nf3
Qe7 9. Bc4 O-O 10. O-O a5 11. b3 Na6 12. Bb2 Nc5 13. Nb5 Nce4 14. Nxc7 Rac8 15.
Nb5 Kh8 16. Qd4 Bc5 17. Qd3 Qf7 18. Rad1 Qh5 19. h3 Qh6 20. Ne5 f4 21. exf4
Qxf4 22. Nf3 Ng5 23. Nxg5 Qxg5 24. Bc1 Qe5 25. Be3 Ba6 26. Rfe1 Qh5 27. Bxc5
Rxc5 28. Nd6 Bxc4 29. bxc4 1-0

[Event "Winter Classic 2017-B"]
[Site "Saint Louis"]
[Date "2017.03.13"]
[Round "3"]
[White "Baryshpolets, Andrey"]
[Black "Rambaldi, Francesco"]
[Result "1-0"]
[WhiteElo "2578"]
[BlackElo "2559"]
[PlyCount "71"]
[EventDate "2017.??.??"]
[EventType "tourn"]
[EventCountry "USA"]

1. d4 Nf6 2. c4 e6 3. Nf3 d5 4. Nc3 Nbd7 5. cxd5 exd5 6. Bg5 h6 7. Bh4 c6 8. e3
g5 9. Bg3 Nh5 10. Bd3 Nxg3 11. fxg3 Bg7 12. O-O Nb6 13. a4 a5 14. Nd2 Qe7 15.
Kh1 O-O 16. Qc2 Qxe3 17. Nf3 Qe7 18. Rae1 Be6 19. h4 gxh4 20. Nxh4 Rae8 21. Ne2
Bf6 22. Nf4 Bxh4 23. Bh7+ Kg7 24. Rxe6 Qg5 25. Rxe8 Rxe8 26. gxh4 Qxh4+ 27. Kg1
Re1 28. Qf5 Rxf1+ 29. Kxf1 Nc4 30. Nh5+ Kh8 31. Qxf7 Qg5 32. Kg1 Qe3+ 33. Kh2
Qg5 34. Bf5 Qh4+ 35. Bh3 Qxd4 36. Qf8+ 1-0

[Event "Winter Classic 2017-B"]
[Site "Saint Louis"]
[Date "2017.03.13"]
[Round "3"]
[White "Finegold, Benjamin"]
[Black "Hess, Robert L"]
[Result "0-1"]
[WhiteElo "2481"]
[BlackElo "2571"]
[PlyCount "76"]
[EventDate "2017.??.??"]
[EventType "tourn"]
[EventCountry "USA"]

1. d4 Nf6 2. c4 g6 3. Nc3 d5 4. Nf3 Bg7 5. e3 O-O 6. cxd5 Nxd5 7. Bc4 Nxc3 8.
bxc3 c5 9. O-O Qc7 10. Qe2 b6 11. e4 Bb7 12. Bb2 e6 13. Bd3 Nd7 14. e5 Rac8 15.
Ng5 Rfd8 16. f4 cxd4 17. cxd4 Nb8 18. Rad1 Bd5 19. Ne4 Nc6 20. Qf2 Nb4 21. Bb1
Nxa2 22. Nf6+ Bxf6 23. exf6 Qd6 24. Qh4 Nc3 25. Rd3 Nxb1 26. Rxb1 Rc2 27. Ba3
Rxg2+ 28. Kf1 g5 29. Rg3 Rxg3 30. Qxg3 Qxf4+ 31. Qxf4 gxf4 32. Kf2 Be4 33. Rc1
h5 34. Bb2 Rd5 35. Rc8+ Kh7 36. Rc7 Kg6 37. Bc1 Rxd4 38. Bxf4 Bd5 0-1

[Event "Winter Classic 2017-B"]
[Site "Saint Louis"]
[Date "2017.03.13"]
[Round "3"]
[White "Sukandar, Irine Kharisma"]
[Black "Chandra, Akshat"]
[Result "1/2-1/2"]
[WhiteElo "2423"]
[BlackElo "2505"]
[PlyCount "57"]
[EventDate "2017.??.??"]
[EventType "tourn"]
[EventCountry "USA"]

1. e4 c5 2. Nf3 d6 3. c3 Nf6 4. h3 Nc6 5. Bd3 g6 6. Bc2 Bg7 7. O-O e5 8. d4
cxd4 9. cxd4 exd4 10. Nxd4 O-O 11. Be3 d5 12. Nc3 Nxd4 13. Bxd4 dxe4 14. Nxe4
Be6 15. Bxf6 Bxf6 16. Qxd8 Bxd8 17. Nc5 Bc4 18. Bd3 Bxd3 19. Nxd3 Bf6 20. Rac1
Rfd8 21. Rfd1 Rd4 22. Kf1 Rad8 23. Ke2 Ra4 24. a3 Re4+ 25. Kf1 Red4 26. Ke2
Re4+ 27. Kf1 Red4 28. Ke2 Re4+ 29. Kf1 1/2-1/2

[Event "Winter Classic 2017-B"]
[Site "Saint Louis"]
[Date "2017.03.14"]
[Round "4"]
[White "Baryshpolets, Andrey"]
[Black "Finegold, Benjamin"]
[Result "1/2-1/2"]
[WhiteElo "2578"]
[BlackElo "2481"]
[PlyCount "62"]
[EventDate "2017.??.??"]
[EventType "tourn"]
[EventCountry "USA"]

1. Nf3 d5 2. d4 Bf5 3. c4 e6 4. Nc3 c6 5. Qb3 Qb6 6. c5 Qc7 7. Bf4 Qc8 8. Nh4
Nf6 9. Nxf5 exf5 10. h3 h5 11. e3 g6 12. Bd3 Bg7 13. Bd6 Bf8 14. Bh2 Bg7 15.
O-O O-O 16. f3 Nbd7 17. Bd6 Re8 18. e4 Nh7 19. Ne2 fxe4 20. fxe4 Ng5 21. e5 h4
22. Rf4 b6 23. cxb6 axb6 24. Raf1 Qd8 25. Kh1 f5 26. Qc2 Rc8 27. b4 c5 28. Ba6
cxd4 29. Bxc8 Qxc8 30. Qxc8 Rxc8 31. Rxd4 Rc2 1/2-1/2

[Event "Winter Classic 2017-B"]
[Site "Saint Louis"]
[Date "2017.03.14"]
[Round "4"]
[White "Hess, Robert L"]
[Black "Ramirez, Alejandro"]
[Result "1/2-1/2"]
[WhiteElo "2571"]
[BlackElo "2549"]
[PlyCount "62"]
[EventDate "2017.??.??"]
[EventType "tourn"]
[EventCountry "USA"]

1. e4 c5 2. c3 Nf6 3. e5 Nd5 4. Nf3 d6 5. d4 cxd4 6. cxd4 e6 7. Bc4 Be7 8. O-O
O-O 9. Bd2 b6 10. Bxd5 exd5 11. Nc3 Be6 12. Bf4 Nc6 13. Rc1 dxe5 14. Nxe5 Nxe5
15. Bxe5 Qd7 16. Qd3 Rfc8 17. Qa6 Rc6 18. Nb5 Qc8 19. Qxc8+ Raxc8 20. Bf4 Rxc1
21. Rxc1 Rxc1+ 22. Bxc1 a6 23. Nc3 Bf6 24. Be3 Kf8 25. f3 Ke8 26. g4 Kd7 27.
Kf2 Kc6 28. Ke2 g5 29. h3 Bg7 30. Bxg5 Bxd4 31. Kd3 Bxc3 1/2-1/2

[Event "Winter Classic 2017-B"]
[Site "Saint Louis"]
[Date "2017.03.14"]
[Round "4"]
[White "Rambaldi, Francesco"]
[Black "Chandra, Akshat"]
[Result "1-0"]
[WhiteElo "2559"]
[BlackElo "2505"]
[PlyCount "159"]
[EventDate "2017.??.??"]
[EventType "tourn"]
[EventCountry "USA"]

1. e4 c5 2. Nf3 d6 3. d4 cxd4 4. Nxd4 Nf6 5. Nc3 a6 6. Be3 e6 7. Be2 Be7 8. Qd2
Qc7 9. g4 b5 10. g5 Nfd7 11. a3 Bb7 12. f4 Nc6 13. h4 Nc5 14. Bf3 O-O 15. O-O
Rad8 16. Qg2 Nxd4 17. Bxd4 d5 18. e5 Ne4 19. Ne2 a5 20. c3 Nd2 21. Rfd1 Nb3 22.
Rab1 b4 23. axb4 Nxd4 24. cxd4 Bxb4 25. Ng3 Rc8 26. f5 Qc2 27. Be2 exf5 28. Qf3
g6 29. Bd3 Qc6 30. Nxf5 gxf5 31. Bxf5 Kh8 32. Qh5 Qg6 33. Bxg6 fxg6 34. Qg4 Ba6
35. Rf1 Bd3 36. Rbd1 Bf5 37. Rxf5 gxf5 38. Qf4 Rc2 39. Kh1 Kg7 40. h5 Re2 41.
g6 Re4 42. Qf2 Be7 43. Rg1 Rh4+ 44. Kg2 hxg6 45. Kf1 Rxh5 46. Qg2 Bg5 47. Qxd5
Be3 48. Rg3 f4 49. Rf3 Rh1+ 50. Ke2 Rh2+ 51. Ke1 Rb8 52. Qd7+ Kh6 53. Rh3+ Rxh3
54. Qxh3+ Kg5 55. Qg2+ Kf5 56. Qc2+ Kg5 57. Qg2+ Kf5 58. Qc2+ Kg5 59. Qe4 Rb4
60. Qg2+ Kf5 61. Qc2+ Kg5 62. Qg2+ Kf5 63. Qc2+ Kg5 64. e6 Kf6 65. d5 Rd4 66.
Qc7 Bd2+ 67. Kf1 Bb4 68. e7 Rd1+ 69. Kf2 Bxe7 70. Qxf4+ Kg7 71. Qc7 Rxd5 72.
Qxe7+ Kh6 73. Qe3+ Kh7 74. Kg3 Rf5 75. Qe7+ Kh6 76. Kg4 Rh5 77. Qf7 Rg5+ 78.
Kf4 Kh5 79. Qg7 Rb5 80. Qh8# 1-0

[Event "Winter Classic 2017-B"]
[Site "Saint Louis"]
[Date "2017.03.14"]
[Round "4"]
[White "Ali Marandi, Cemil Can"]
[Black "Chirila, Ioan-Cristian"]
[Result "1/2-1/2"]
[WhiteElo "2497"]
[BlackElo "2522"]
[PlyCount "88"]
[EventDate "2017.??.??"]
[EventType "tourn"]
[EventCountry "USA"]

1. e4 e5 2. Nf3 Nc6 3. Bb5 a6 4. Ba4 Nf6 5. O-O Be7 6. Re1 b5 7. Bb3 d6 8. c3
O-O 9. h3 Na5 10. Bc2 c5 11. d4 Nd7 12. Nbd2 exd4 13. cxd4 Nc6 14. d5 Nce5 15.
a4 Bb7 16. Nxe5 Nxe5 17. f4 Ng6 18. Nf3 Bf6 19. Rb1 Re8 20. Be3 Qd7 21. Kh2 Nh4
22. Nd2 Ng6 23. Qh5 Bd4 24. g3 Qc7 25. Nf3 Bf6 26. Rbd1 Nf8 27. Bc1 g6 28. Qh6
Qd8 29. f5 Bc8 30. Bg5 bxa4 31. Bxa4 Bd7 32. Bc2 Rb8 33. b3 a5 34. Rf1 Bg7 35.
Qh4 f6 36. Bh6 Bxf5 37. Bxg7 Kxg7 38. Nd2 g5 39. Qh5 Bg6 40. Qe2 Nd7 41. Rf2
Ne5 42. Rdf1 Rf8 43. Nc4 Nxc4 44. Qxc4 Qe7 1/2-1/2

[Event "Winter Classic 2017-B"]
[Site "Saint Louis"]
[Date "2017.03.15"]
[Round "5"]
[White "Finegold, Benjamin"]
[Black "Rambaldi, Francesco"]
[Result "1/2-1/2"]
[WhiteElo "2481"]
[BlackElo "2559"]
[PlyCount "140"]
[EventDate "2017.??.??"]
[EventType "tourn"]
[EventCountry "USA"]

1. d4 Nf6 2. c4 e6 3. Nc3 d5 4. Qc2 Bb4 5. cxd5 exd5 6. Bg5 c5 7. e3 cxd4 8.
exd4 Nc6 9. Bb5 O-O 10. Nge2 Qb6 11. Bxc6 Qxc6 12. a3 Be7 13. O-O h6 14. Bh4
Be6 15. Rfe1 g5 16. Bg3 Ne4 17. Rac1 Rac8 18. Qb1 Nd2 19. Qc2 Nc4 20. Be5 Qd7
21. Rcd1 Bf5 22. Qb3 f6 23. Bg3 Rfe8 24. Nc1 Bf8 25. N1a2 a5 26. a4 b6 27. h3
Kg7 28. Rc1 Re6 29. Kh2 Rce8 30. Rxe6 Bxe6 31. Qb5 Qxb5 32. Nxb5 Rc8 33. b3 Nd2
34. Rxc8 Bxc8 35. Bc7 Nxb3 36. Bxb6 Bb7 37. Kg1 Bc6 38. Nac3 Bb4 39. Na2 Kf7
40. Kf1 Nd2+ 41. Ke2 Nc4 42. Bc5 Bxc5 43. dxc5 Nb2 44. Nd4 Be8 45. Nb3 Nxa4 46.
Ke3 Bb5 47. g3 Bc4 48. Nac1 Bf1 49. h4 gxh4 50. gxh4 Kg6 51. c6 Kh5 52. Nxa5
Kxh4 53. c7 Nb6 54. Nc6 Ba6 55. Ne7 Kg5 56. Nd3 h5 57. Nc5 Bc8 58. Na4 Nxa4 59.
Nxc8 h4 60. Ne7 Nb6 61. Kd4 h3 62. Kc5 Nc8 63. Nxc8 h2 64. Nd6 h1=Q 65. c8=Q
Qc1+ 66. Kxd5 Qxc8 67. Nxc8 Kf4 68. Nd6 f5 69. Kd4 Kf3 70. Nxf5 Kxf2 1/2-1/2

[Event "Winter Classic 2017-B"]
[Site "Saint Louis"]
[Date "2017.03.16"]
[Round "6"]
[White "Ali Marandi, Cemil Can"]
[Black "Chandra, Akshat"]
[Result "1/2-1/2"]
[WhiteElo "2497"]
[BlackElo "2505"]
[PlyCount "132"]
[EventDate "2017.??.??"]
[EventType "tourn"]
[EventCountry "USA"]

1. e4 e5 2. Nf3 Nc6 3. Bb5 a6 4. Ba4 g6 5. d4 exd4 6. Bg5 Be7 7. Bxe7 Ngxe7 8.
Nxd4 b5 9. Nxc6 dxc6 10. Qxd8+ Kxd8 11. Bb3 c5 12. c3 c4 13. Bc2 c5 14. Nd2 Kc7
15. f4 Bb7 16. O-O-O Rae8 17. Rhe1 Rhg8 18. Nf3 f6 19. h4 Nc8 20. Rd2 Rg7 21.
e5 Bxf3 22. gxf3 Nb6 23. h5 fxe5 24. fxe5 Rf8 25. e6 Re7 26. Re5 Rf6 27. Rxc5+
Kb8 28. Rd8+ Ka7 29. Rd6 Rfxe6 30. Rxe6 Rxe6 31. Rc7+ Kb8 32. Rxh7 gxh5 33. Be4
Na4 34. Rxh5 Kc7 35. Kc2 Kb6 36. b4 cxb3+ 37. axb3 Nc5 38. Bd5 Re2+ 39. Kd1 Rb2
40. Rh6+ Ka7 41. b4 Nd3 42. Be4 Nf2+ 43. Kc1 Re2 44. Re6 Nxe4 45. Rxe4 Rf2 46.
Re3 a5 47. Re7+ Ka6 48. Re6+ Ka7 49. bxa5 Rxf3 50. Kb2 Rf4 51. Rb6 Ra4 52. Rxb5
Ka6 53. Rb8 Rxa5 54. c4 Ka7 55. Rb3 Ra6 56. Kc3 Rb6 57. Ra3+ Kb7 58. Ra5 Rh6
59. Kb4 Kc7 60. c5 Rh1 61. Ra7+ Kc6 62. Ra6+ Kc7 63. Rg6 Rb1+ 64. Kc4 Rc1+ 65.
Kd5 Rd1+ 66. Kc4 Rc1+ 1/2-1/2

[Event "Winter Classic 2017-B"]
[Site "Saint Louis"]
[Date "2017.03.13"]
[Round "3"]
[White "Ramirez, Alejandro"]
[Black "Ali Marandi, Cemil Can"]
[Result "1-0"]
[WhiteElo "2549"]
[BlackElo "2497"]
[PlyCount "91"]
[EventDate "2017.??.??"]
[EventType "tourn"]
[EventCountry "USA"]

1. c4 c6 2. Nf3 d5 3. e3 Nf6 4. Nc3 e6 5. b3 Nbd7 6. Bb2 Bd6 7. Qc2 a6 8. Rg1
e5 9. g4 e4 10. g5 Nh5 11. Nd4 c5 12. Nxd5 cxd4 13. Qxe4+ Kf8 14. Be2 h6 15.
Bxh5 hxg5 16. Be2 Rh4 17. Qg2 f6 18. Bxd4 Rxh2 19. Qe4 Nc5 20. Qg6 Rh6 21. Qc2
Ne6 22. Bb6 Nc7 23. Bf3 Be6 24. Nxc7 Bxc7 25. Qe4 f5 26. Qxb7 Rc8 27. Bxc7 Rxc7
28. Qxa6 Kg8 29. Qa5 Qf6 30. Qc3 Qe7 31. Qe5 g4 32. Bd5 Qf7 33. Rh1 Rf6 34. Qh2
Rh6 35. Qe5 Rf6 36. Qh2 Rh6 37. Bxe6 Qxe6 38. Qg2 Qe5 39. Qa8+ Kh7 40. d4 Qe7
41. Qd5 Rxh1+ 42. Qxh1+ Kg6 43. Qd5 Ra7 44. c5 Rd7 45. Qc6+ Kg5 46. O-O-O 1-0